00762nam a2200193 i 4500001000700000003000700007005001700014008004100031080002100072100002900093245011500122250004900237260007900286300002100365490003100386700003300417830002900450852008900479189078SpMaBN20260525062938.0190327s1944 ag |||| | spa d a821.161.1-32"18"1 aChejov, Anton Pavlovich.10aHistoria de una anguila y otras historias /cAntón Chejov ; [traducción del ruso por Saturnino Ximénez]. a1ª ed. popular para la colección austral. a[Buenos Aires] :bEspasa-Calpe,c[1944] (fCía. Gral. Fabril Financiera) a152 p. ;c18 cm.1 aColección austral ;v4181 aGiménez Enrich, Saturnino.0 aColección australv418 aES-MaACLjL-32250z. - Donat. herederos de la bibl. de Mª del Pilar Costa Palacín